000 00249nam a2200097 a 4500
005 20200929164959.0
008 100312s1961 000 spa d
245 0 _aPanorama del folklore dominicano.
260 _aFlorida, USA,
_c1961.
999 _c16422
_d16422
040 _aDO-SdBNP